000
00356nam a2200133Ia 4500
008
230411s9999 xx 000 0 und d
041
_a
eng
082
_a
B/612.015/DEB/B02116
100
_a
Deb A C
245
_a
Comprehensible Viva and Practical Biochemistry
260
_b
New Central Book Agency
_a
Kolkata
_c
2000
300
_a
92p
999
_c
153344
_d
153344